000 00769nam a2200217Ii 4500
003 JO-AjNU
008 230605s9999||||xx |||||||||||||| ||und||
017 _a2008/10/3720
040 _aJO-AjNU
_bara
_erda
_cJO-AjNU
041 _aara
050 1 4 _aHD30.213.Y37.2009
100 3 _aياسين،سعد عالب,
_eauthor
_929770
245 0 0 _aنظم المعلومات الادارية=Management Information Systems(MIS)
250 _aالطبعة العربية
264 3 1 _aعمان:دار اليازوري العلمية للنشر والتوزيع،2009
300 _a304ص
336 _atext
_btxt
_2rdacontent
337 _aunmediated
_bn
_2rdamedia
338 _avolume
_bnc
_2rdacarrier
650 4 _aادارة اعمال-معالجة بيانات
_929771
999 _aA11719
_c15287
_d15287